Catálogo

TELEVISION Y RELIGION : (Registro nro. 17855)

Detalles MARC
000 -LEADER
fixed length control field 00582nam a2200193 a 4500
001 - CONTROL NUMBER
control field 17855
005 - DATE AND TIME OF LATEST TRANSACTION
control field 20180713211037.0
008 - FIXED-LENGTH DATA ELEMENTS--GENERAL INFORMATION
fixed length control field 140415s1989 ck 000 0 spa d
041 ## - LANGUAGE CODE
Language code of text/sound track or separate title spa
082 ## - DEWEY DECIMAL CLASSIFICATION NUMBER
Classification number 384.55
Item number FOR
100 1# - MAIN ENTRY--PERSONAL NAME
Personal name FORE, WILLIAM F.
245 10 - TITLE STATEMENT
Title TELEVISION Y RELIGION :
Remainder of title LA FORMACION DE LA FE, LOS VALORES Y LA CULTURA
250 ## - EDITION STATEMENT
Edition statement 1a ed.
260 ## - PUBLICATION, DISTRIBUTION, ETC.
Place of publication, distribution, etc. COLOMBIA :
Name of publisher, distributor, etc. CONSEJO EPISCOPAL LATINOAMERICANO,
Date of publication, distribution, etc. 1989
300 ## - PHYSICAL DESCRIPTION
Extent 305
490 ## - SERIES STATEMENT
Series statement DECOS
Volume/sequential designation 3
650 14 - SUBJECT ADDED ENTRY--TOPICAL TERM
Topical term or geographic name entry element COMUNICACION
General subdivision RELIGION Y CULTURA
-- TELEVISION
700 1# - ADDED ENTRY--PERSONAL NAME
Personal name LEPELEY, JOAQUIN
Relator term tr.
Existencias
Withdrawn status Lost status Source of classification or shelving scheme Damaged status Not for loan Collection code Home library Current library Shelving location Date acquired Source of acquisition Inventory number Total Checkouts Full call number Barcode Date last seen Price effective from Koha item type
    Dewey Decimal Classification     General Biblioteca Karol Wojtyla Biblioteca Karol Wojtyla Sala general 03/12/2013 Compra 151000000000000000044635   384.55 FOR 9015 05/01/2026 03/12/2013 Libro
    Dewey Decimal Classification     General Biblioteca Karol Wojtyla Biblioteca Karol Wojtyla Sala general 03/12/2013 Compra 151000000000000000044636   384.55 FOR 36184 05/01/2026 03/12/2013 Libro